000 00582nmm a2200193Ia 4500
008 251105s9999||||xx |||||||||||||||||und||
020 _a9788417968120
041 _aspa
100 _aScott, Stephanie
245 0 _aLo que queda de mí es tuyo
264 _a[Madrid, España] :
_bRoca Editorial,
_c[Fecha de publicación no identificada]
300 _a0 páginas
490 _aThriller y suspense
650 _aThriller & Suspense
700 _aScott, Stephanie
700 1 _a Osuna Aguilar, Julia
856 _uhttps://public.digitaliapublishing.com/a/82387
942 _cCF
999 _c71268
_d71268